| 000 | 00760nam a2200205 i 4500 | ||
|---|---|---|---|
| 001 | 60260 | ||
| 003 | ES-MaACL | ||
| 007 | t| | ||
| 008 | 031104s1970 sp ||||1| spa d | ||
| 100 | 1 |
_aEsparraguera Martínez, José Luis. _947777 |
|
| 245 | 1 | 3 |
_aEl futuro de la energía en España y su problemática / _cpor José Luis Esparraguera Martínez y Javier Molina Fajardo. |
| 250 | _a[1ª ed.]. | ||
| 260 |
_aMadrid : _b[Escuela Nacional de Administración Pública], _c1970. |
||
| 300 |
_a189 p. ; _c22 cm. |
||
| 490 | 1 | _aEstudios del Instituto de Desarrollo Económico | |
| 700 | 1 |
_aMolina Fajardo, Javier. _981933 |
|
| 830 | 0 |
_aEstudios del Instituto de Desarrollo Económico _9230547 |
|
| 852 |
_aES-MaACL _jE-6062 _bR.90562 |
||
| 999 |
_c60260 _d60260 |
||